| 000 | 00570nam a2200193Ia 4500 | ||
|---|---|---|---|
| 003 | GCL | ||
| 008 | 140319s9999 xx 000 0 ara d | ||
| 040 |
_aGCL / _cGCL |
||
| 082 | 0 | 4 |
_a812 _bف م |
| 100 | 1 | _aفتحى سلامة | |
| 245 | 1 | 0 |
_aما بعد الخوف : مسرحية من ثلاثة فصول / _cفتحى سلامة |
| 490 | _a | ||
| 650 | 0 | 4 | _aالادب العربى |
| 650 | 0 | 4 | _aالادب |
| 650 | 0 | 4 | _aالمسرح العربى |
| 650 | 0 | 4 | _aالمسرحيات العالمية |
| 650 | 0 | 4 | _aالمسرحيات العربية |
| 942 |
_2ddc _cBK |
||
| 999 |
_c40174 _d40174 |
||